[Event "Reunion op 11th"]
[Site "St Denis"]
[Date "2009.10.15"]
[Round "7"]
[White "Altiery, Hugo"]
[Black "Rivolo, Jean Guillaume"]
[Result "0-1"]
[WhiteElo "1199"]
[BlackElo "1510"]
[PlyCount "146"]
[EventDate "2009.10.10"]
[EventType "swiss"]
[EventRounds "9"]
[EventCountry "RUF"]
[SourceTitle "CBM 132 Extra"]
[Source "ChessBase"]
[SourceDate "2009.11.03"]
[SourceVersion "1"]
[SourceVersionDate "2009.11.03"]
[SourceQuality "1"]

1. e4 c5 2. Nf3 Nc6 3. Nc3 d6 4. Bc4 Nf6 5. d3 g6 6. Ng5 e6 7. 0-0 Bg7 8. Bb5 Bd7 9. f4 0-0 10. Qe2 a6 11. Bxc6 Bxc6 12. e5 dxe5 13. fxe5 Nd5 14. Nxd5 Qxd5 15. Bf4 b5 16. Nf3 Rac8 17. b3 Qd7 18. Rad1 Bxf3 19. Qxf3 Qd4+ 20. Qe3 Qxe3+ 21. Bxe3 Bxe5 22. c4 bxc4 23. dxc4 f5 24. g3 Rf7 25. Kh1 Bc3 26. Rd6 a5 27. Rxe6 Rd7 28. a4 Bb4 29. Re5 Kf7 30. g4 Kf6 31. Bf4 fxg4 32. Bg3+ Kg7 33. Rg5 Rd3 34. Be5+ Kg8 35. h4 gxh3 36. Kh2 Rf8 37. Rxf8+ Kxf8 38. Rg4 Rxb3 39. Rh4 Kg8 40. Rxh3 Rxh3+ 41. Kxh3 Kf7 42. Kg4 h5+ 43. Kg5 Bd2+ 44. Kh4 Ke6 45. Bc7 Kf5 46. Bb6 Be1+ 47. Kh3 Bb4 48. Kh4 g5+ 49. Kxh5 g4 50. Bc7 Be1 51. Bd6 Bf2 52. Bc7 g3 53. Bxg3 Bxg3 54. Kh6 Ke4 55. Kg5 Kd4 56. Kf5 Kxc4 57. Ke4 Kb4 58. Kd5 Bf2 59. Kc6 Kxa4 60. Kd5 Kb3 61. Ke4 c4 62. Kf3 c3 63. Kxf2 c2 64. Kf3 c1Q 65. Ke4 Qc5 66. Kf4 Qd5 67. Ke3 Kc3 68. Kf4 Kd3 69. Kg3 Qe4 70. Kf2 Kd4 71. Kf1 Qc2 72. Kg1 Ke3 73. Kf1 Qf2# 0-1